000 00622nam a22002177a 4500
005 20170124105914.0
010 _aA-687812
020 _c00.00
_a8170363527
035 _aA-687812
037 _bCen Lib/Ret
040 _aDPL
_bEN
082 _a301
_bMAI
100 _aMukherjee, Ramkrishna
_91248
245 _aSystemic sociology /
_cby Ramkrishna Mukherjee
260 _aNew Delhi
_bSage publications
_c1993
270 _aM-32, Greater Kailash
_bNew Delhi
_e110048
300 _a166p.
_c22cm(Hb)
650 _aSociology
_988066
650 _aSocial science
_988067
942 _2ddc
_cEN
_h301
_mMAI
999 _c122673
_d122673